000 00871cam a22002653a 4500
001 2805
003 PGUSA
005 20140828083021.0
008 010901s2001||||xxu|||||s|||||000 1 eng d
040 _aPGUSA
_beng
042 _adc
050 4 _aPR
050 4 _aPZ
100 1 _aHenty, G. A.
_q(George Alfred),
_d1832-1902
245 1 0 _aWith Lee in Virginia :
_bA Story of the American Civil War
_h[electronic resource] /
_cG. A. Henty
260 _bProject Gutenberg,
_c2001
506 _aPublic domain in the USA.
516 _aElectronic text
653 _aLee, Robert E. (Robert Edward), 1807-1870 -- Fiction
653 _aVirginia -- History -- Civil War, 1861-1865 -- Fiction
653 _aUnited States -- History -- Civil War, 1861-1865 -- Fiction
830 0 _aProject Gutenberg
_v2805
856 4 0 _uhttp://www.gutenberg.org/ebooks/2805
942 _cEB
999 _c232137
_d232137